| 000 | 02330nam a2200265 4500 | ||
|---|---|---|---|
| 003 | NALT | ||
| 005 | 20250730152304.0 | ||
| 008 | 250707b th ||||| |||| 00| 0 eng d | ||
| 020 | _a9786168344279 | ||
| 040 | _aNALT | ||
| 086 | _aศร - 7.6 306.25 2025 | ||
| 110 | 2 |
_aThe Constitutional Court of the Kingdom of Thailand. _bOffice of the Constitutional Court |
|
| 245 | 1 | 0 |
_aThe Constitutional Courts and Equivalent Institutions in Strengthening Constitutional Justice for Sustainable Society : Collection of Academic Presentations of the 6th Congress of the Association of Asian Constitutional Courts and Equivalent Institutions / _cOffice of the Constitutional Court, The Constitutional Court of the Kingdom of Thailand. |
| 250 | _aFirst Published | ||
| 260 |
_aBangkok : _bOffice of the Constitutional Court, _c2025. |
||
| 300 |
_a211 pages : _c22 cm. |
||
| 505 | 2 | _aI. Remarks of the 6th Congress of the Association of Asian Constitutional Courts and Equivalent Institutions -- II. Special Remarks and Greeting Messages -- III. Speeches of the 6th Congress of the Association of Asian Constitutional Courts and Equivalent Institutions -- (1) The Republic of Azerbaijan -- (2) The Republic of India -- (3) The Republic of Indonesia -- (4) The Republic of Kazakhstan -- (5) The Republic of Korea -- (6) The Kyrgyz Republic -- (7) Malaysia -- (8) Mongolia -- (9) The Republic of the Union of Myanmar -- (10) The State of Palestine -- (11) The Republic of the Philippines -- (12) The Russian Federation -- (13) The Kingdom of Spain -- (14) The Kingdom of Thailand -- (15) The Republic of Türkiye -- (16) The Republic of Uzbekistan -- (17) The Islamic Republic of Pakistan -- IV. Bangkok Declaration of the 6th Congress of the Association of Asian Constitutional Courts and Equivalent Institutions -- V. Photos of the 6th Congress of the Association of Asian Constitutional Courts and Equivalent Institutions. | |
| 610 | 2 | 4 |
_aThe Constitutional Court of the Kingdom of Thailand _xCongresses _966370 |
| 610 | 2 | 4 |
_aThe Constitutional Court _xPowers and Duties _966371 |
| 942 |
_2local _cGOV |
||
| 996 |
_ajidapa.t _bACQSTF _c2025-07-07 |
||
| 996 |
_avaree.k _bLIBSTF _c2025-07-08 |
||
| 996 |
_ajamriang.p _bCATSTF _c2025-07-30 |
||
| 999 |
_c106976 _d106976 |
||
| 998 |
_j1020 _k นางจำเรียง ระวังสำโรง |
||